000 01240nam a22003490a 4500
001 PT17191
003 AR-LpoUNG
005 20210131232737.0
008 191001s1968||||ag |||||||||||||||||spa d
040 _aAR-LpoUNG
_bspa
_cAR-LpoUNG
_eaacr
041 _aspa
044 _aag
082 0 _a980.033 425do
100 1 _aMar, José Matos
_ecomp.
245 1 3 _aLa dominación de América Latina
250 _a1º edición
260 _aBuenos Aires :
_bAmorrortu,
_c1968.
300 _a181 p. :
_bgráfs.
520 _aLa asistencia técnica extranjera y el desarrollo nacional; La hegemonía de Estados Unidos y el futuro de América Latina; Tensiones sociales en los países de la periferia; La crisis latinoamericana y su marco externo; Política nacional de desarrollo y dependencia externa; Dependencia y desarollo en América Latina.
650 4 _aAYUDA AL DESARROLLO
650 4 _aAYUDA ECONOMICA
650 4 _aCOOPERACION INTERNACIONAL
650 4 _aDESARROLLO ECONOMICO
650 4 _aECONOMIA
650 4 _aEVALUACION DE LA AYUDA
650 4 _aFINANCIAMIENTO DE LA AYUDA
650 4 _aPOLITICA ECONOMICA
650 4 _aPROBLEMAS SOCIALES
651 4 _aAmérica Latina
905 _a17191
942 _cLIB
999 _c17250
_d17250